La mecánica de los fluídos / (Record no. 143913)
[ view plain ]
| 000 -LEADER | |
|---|---|
| campo de control de longitud fija | 00693nam a2200205 i 4500 |
| 001 - NÚMERO DE CONTROL | |
| campo de control | 143913 |
| 003 - IDENTIFICADOR DE NÚMERO DE CONTROL | |
| campo de control | ES-MaACL |
| 005 - FECHA Y HORA DE LA ÚLTIMA TRANSACCIÓN | |
| campo de control | 20250729050628.0 |
| 007 - CAMPO FIJO DE DESCRIPCIÓN FÍSICA--INFORMACIÓN GENERAL | |
| campo de control de longitud fija | t| |
| 008 - DATOS DE LONGITUD FIJA--INFORMACIÓN GENERAL | |
| campo de control de longitud fija | 070214s1967 sp r ||||1| spa d |
| 100 1# - ENTRADA PRINCIPAL--NOMBRE DE PERSONA | |
| Nombre de persona | Shames, Irving H. |
| 9 (RLIN) | 106000 |
| 245 13 - MENCIÓN DEL TÍTULO | |
| Título | La mecánica de los fluídos / |
| Mención de responsabilidad, etc. | Irving H. Shames ; traducción y adaptación Jaime Moneva Moneva, Sebastián Pérez Crusells. |
| 260 ## - PUBLICACIÓN, DISTRIBUCIÓN, ETC. | |
| Lugar de publicación, distribución, etc. | Madrid : |
| Nombre del editor, distribuidor, etc. | Castillo, |
| Fecha de publicación, distribución, etc. | 1967 ( |
| Fabricante | Castilla) |
| 300 ## - DESCRIPCIÓN FÍSICA | |
| Extensión | 592 p. ; |
| Dimensiones | 24 cm. |
| 650 07 - PUNTO DE ACCESO ADICIONAL DE MATERIA--TÉRMINO DE MATERIA | |
| Término de materia o nombre geográfico como elemento de entrada | Mecánica de fluidos |
| Fuente del encabezamiento o término | embne |
| 9 (RLIN) | 14877 |
| 700 1# - ENTRADA AGREGADA--NOMBRE PERSONAL | |
| Nombre de persona | Moneva Moneva, Jaime. |
| 9 (RLIN) | 82178 |
| 700 1# - ENTRADA AGREGADA--NOMBRE PERSONAL | |
| Nombre de persona | Pérez Crusells, Sebastián. |
| 9 (RLIN) | 90747 |
| 852 ## - LOCALIZACIÓN | |
| Ubicación | ES-MaACL |
| Número de control de estantería | C-33015 |
| Sublocalización o colección | R.63637 |
| Estatus retirado | Estado de pérdida | Estado de daño | No para préstamo | Biblioteca de origen | Biblioteca actual | Ubicación en estantería | Fecha de adquisición | Fuente de adquisición | Total de préstamos | Signatura topográfica completa | Código de barras | Visto por última vez | Precio de reemplazo | Tipo de ítem Koha |
|---|---|---|---|---|---|---|---|---|---|---|---|---|---|---|
| Biblioteca del Ateneo de Madrid | Biblioteca del Ateneo de Madrid | Depósito 2 | 17/01/2008 | C-33015 | 1149729 | 23/02/2023 | 23/02/2023 | Libro impreso |
